| 000 | 00879nam a22002417a 4500 | ||
|---|---|---|---|
| 005 | 20231220151328.0 | ||
| 010 | _aENG-138665 ENG-138664 | ||
| 020 |
_c995.00 _a9789393897834 |
||
| 020 |
_c300.00 _a9789390897780 |
||
| 035 | _aEN-122197 EN-122196 | ||
| 037 | _bDBAD/PUB | ||
| 082 |
_a370.114 _21 |
||
| 100 |
_aRuhela, S.P _960063 |
||
| 245 |
_aValue Education and Inspirational Quotes on Value Education// _bBy S.P Ruhela; Raju G and Sushila Devi Ruhela |
||
| 250 | _a1 | ||
| 260 |
_aNew Delhi _bNeelkamal Publications _c2020 |
||
| 270 |
_a4764/1, 23, Ansari Road, Daryaganj _bNew Delhi _e110002 _k011-23244237 _k98118-28953 _mneelkamalbooks@gmail.com |
||
| 300 |
_axviii+173p. _c24cm(hbk) |
||
| 300 |
_axviii+173p. _c24cm(pbk) |
||
| 700 |
_aG, Raju _eAuthor _960064 |
||
| 700 |
_aRuhela, Sushila Devi _eAuthor _960065 |
||
| 942 |
_2ddc _cEN _h370.114 _mRUH _e1 |
||
| 999 |
_c199729 _d199729 |
||